000 00591 a2200193 4500
001 61681
005 20260407155907.0
008 260407a1966 arg spa d
003 AR-UNSa-BCEJYS
040 _aAR-UNSa-BCEJYS
_bspa
_cAR-UNSa-BCEJYS
080 _a347.466
_xDepósito. Fianza. Hipoteca. Prenda
245 1 0 _aPrenda con registro
_pestudio jurídico, analítico y comparado
264 1 _aBuenos Aires :
_bDepalma
_c1966
300 _a2 v. (443 ; 672 p.)
_c23 cm.
041 _aspa
942 _cBK
590 _aniveau_biblio:m niveau_hierar:0
100 1 _aAlvo, Sebastián E.
999 _c7357
_d7357